000 00886nam a2200253Ia 4500
999 _c36036
_d36036
001 1935
003 GE_BSU
005 20190424174937.0
008 181216s2008||||ru |||||||||||||| ||rus||
020 _a5891941783
040 _cGE_BSU
041 _arus
080 _a342
100 _aТихомиров, Юрий Александрович
_9480
245 _a Административное право и процесс:
_bполный курс /
_cЮ. А. Тихомиров ; Гос. ун-т - Высш. шк. экономики.
260 _aМосква :
260 _bТихомирова М.Ю.,
260 _c2008.
300 _a967 с.;
_b20 см.
653 _aАдминистративное процесс.
653 _aსამართალი
653 _aადმინისტრაციული სამართალი
942 _cBK
_2udc